Quizzes
Events
Quiz Creation
Community
Videos
Private Events
Remove Ads
Sign In
Join for FREE
Feedback
Dark Mode
Quiz Categories
Sports
Geography
Music
Movies
Television
Just For Fun
Miscellaneous
History
Literature
Language
Science
Gaming
Entertainment
Religion
Holiday
For Kids
Quiz Lab
Recent
Popular Today
Quiz Kudos Today
Editor Picks
Curator Picks
Quizzes by...
Day
Popularity
Type
Ratings
Length
Year
Community
Subscriptions
Recent Discussions
Orange Saloon
Badges
Playlists
Quests
Create
Leaderboards
Showdown
Live 5
Trivia Bingo
Activity
Puzzle Library
Sporcle Events
Private Events
Virtual Trivia
Globe League
Become a Host
Pub Owners
SporcleCon
Opinionation
Our Games
Videos
Blog
Mobile Apps
Partnerships
Remove Ads and Go Orange
Feedback
Miscellaneous
Crossword
General Knowledge
Baby Names
Logo
Food
Cars
Numbers
Grab Bag
University
College
Popular
Company
Slogans
Restaurants
Justice
Letter
Miscellaneous
Crossword
General Knowledge
Baby Names
Logo
Food
Cars
Numbers
Grab Bag
University
College
Popular
Company
Slogans
Restaurants
Justice
Letter
Random Quiz
Search Sporcle
×
Quiz Lab
Quiz Lab
Miscellaneous
United States
Type in answers that appear in a list
Type in answers that appear in a list
Classic
Best Score? Go Orange.
Executions by U.S. State since 1976 Stats
Can you name the Executions by U.S. State since 1976?
By
tobinw
10m
34 Questions
139 Plays
139 Plays
139 Plays
Comments
Comments
Give Quiz Kudos
Give Quiz Kudos
-
- Ratings
hide this ad
More Info
Forced Order
Answers have to be entered in order
Answers have to be entered in order
Replay
Link that replays current quiz
Next Quiz
Link to next quiz in quiz playlist
You Got
0%
They Got
Avg Score
30%
Avg Friend Score
Upgrade to see
Score Distribution
Jump to the score distribution portion of the page
Score
0/34
Timer
10:00
0
Plays Today
Total Executions
State
% Correct
452
Texas
100%
106
Virginia
51.8%
92
Oklahoma
45.3%
69
Florida
45.3%
44
Alabama
41%
46
Georgia
40.3%
67
Missouri
36%
43
North Carolina
36%
36
Ohio
36%
42
South Carolina
33.8%
28
Louisiana
32.4%
27
Arkansas
32.4%
23
Arizona
31.7%
20
Indiana
29.5%
12
Illinois
29.5%
3
Nebraska
28.1%
13
California
26.6%
Total Executions
State
% Correct
6
Utah
25.9%
3
Pennsylvania
24.5%
1
Connecticut
24.5%
1
Colorado
24.5%
12
Nevada
23.7%
3
Montana
23.7%
3
Kentucky
23.7%
10
Mississippi
23%
1
New Mexico
23%
1
Idaho
23%
1
Wyoming
22.3%
6
Tennessee
21.6%
1
South Dakota
21.6%
5
Maryland
18.7%
4
Washington
18.7%
14
Delaware
16.5%
2
Oregon
14.4%
Quiz Playlist
Details
Report
Send in Message
Add To Playlist
More Info:
I thought having to list them by state was the best way to take the quiz. If you have any suggestions on how to improve it, let me know.
Classic:
Type in answers that appear in a list
Forced Order:
Answers have to be entered in order
Quiz Source
Last Updated: Feb 16, 2017
Quiz Scoreboard
CHALLENGE
Sign Up to Join the Scoreboard
Show All
Scores
Hide
Comments
May contain spoilers
Recently Published
Billboard Blitz: Fleetwood Mac
by CooCooCachoo
Music
15s
Presidents Visiting Landmarks
by Hejman
History
7m
An Introduction to Baseball
by treessimontrees
Sports
5m
More to Explore
Quiz From the Vault
Featured Blog Post
Where Did the Easter Bunny Come From?
hide this ad
You Might Also Like...
Tags
State Quiz
United States Quiz
1970s
Execution
total
Today's Top Quizzes in Miscellaneous
Browse Miscellaneous
hide this ad
Today's Top Quizzes in United States
Browse United States
Top Contributed Quizzes in Miscellaneous
1
5-to-1: Fast Food
2
The JOE quick-fire general knowledge quiz: Day 174
3
The JOE quick-fire general knowledge quiz: Day 173
4
5-to-1: Cocktails
5
The JOE quick-fire general knowledge quiz: Day 172
6
Sunday Crossword: Famous Bodies of Water
7
One Thing in Common: United Kingdom II
8
The JOE quick-fire general knowledge quiz: Day 171
9
Named After an Animal - Odd One Out!
10
The JOE quick-fire quiz: Day 170
Explore More
Trending Topics
Marvel
Crossword
Harry Potter
Anime
Disney
NBA
Kpop
Soccer
The Office
WWE
Song
Puzzle
Pokémon
Country
NFL
hide this ad
More By:
tobinw
Quiz
Plays
Rating
Category
Featured
Created
100 Players Who Shook the Kop
5,789
3.86
Sports
Oct 1, 2009
Largest cities in Serbia
966
4.50
Geography
Nov 30, 2010
Largest U.S. cities without Amtrak stops
931
3.08
Geography
Dec 22, 2009
U.S. Cities by order of reaching 250,000
749
3.60
History
Aug 1, 2010
Largest cities in Bosnia and Herzegovina
612
2.75
Geography
Nov 30, 2010
Go to Creator's Profile
Score Distribution
Quiz Creator Spotlight
tobinw
Follow
Send a Message
Quizzes Created
-
Created Quiz Play Count
-
More By This Creator
Popular Quizzes Today
1
Find the US States - No Outlines Minefield
2
Find the Countries of Europe - No Outlines Minefield
3
The Countries of the World
4
Find the US States
5
US States
6
Popular People in 1961
7
Risky Map Clicking: Biggest States A-Z
8
Movies - When Are They Set?
More Miscellaneous Quizzes
JULBEMD Zoo: Hidden Animals
Published
Trending Quizzes
Risky Map Clicking: Least Populous States A-Z
1-10 Letter G Words
1-10 Letter F Words
Risky Map Clicking: Next State Alphabetically
Risky Map Clicking: Biggest States A-Z
Recently Updated
Leaping Animals
pecheneg
Reality TV Shows (A-Z)
bhenderson79
Rickey Henderson's Hall of Fame Teammates
pecheneg
Champions League XIs: Arsenal
pecheneg
Quick Pick: Celebrities in WWE's Hall of Fame
aduchscher
A-Z Keypad Blitz II
pecheneg
Multiple Oscar Actors
pecheneg
Mystery Phrase Blitz: Oscar 'Best Actors'
pecheneg
F. Scott Fitzgerald Novels
LTH
Pick 3 Villains
ddd62291
Trending Topics
Disney
Crossword
Marvel
Anime
Kpop
Harry Potter
NBA
The Office
NFL
Soccer
Puzzle
Song
Pokémon
Country
WWE
Your Account Isn't Verified!
In order to create a playlist on Sporcle, you need to verify the email address you used during registration. Go to your
Sporcle Settings
to finish the process.
Report this User
Report this user for behavior that violates our
Community Guidelines
.
Details:
Send Report
Go to the Sporcle.com Mobile Site →
Comments